Central Library OPAC University of Rajshahi

Semiconductor circuits : (Record no. 53730)

MARC details
000 -LEADER
fixed length control field 00944nam a2200277 a 4500
001 - CONTROL NUMBER
control field 53730
003 - CONTROL NUMBER IDENTIFIER
rucl marc code BD-RjUL
005 - DATE AND TIME OF LATEST TRANSACTION
control field 20211209080018.0
008 - FIXED-LENGTH DATA ELEMENTS--GENERAL INFORMATION
fixed length control field 161023r19701966xx a 001 0 eng c
035 ## - SYSTEM CONTROL NUMBER
System control number (BD-RjUL)53852
040 ## - CATALOGING SOURCE
Original cataloging agency TOL
Transcribing agency TOL
Modifying agency EQO
-- BD-RjUL
Language of cataloging eng
041 ## - LANGUAGE CODE
Language code of text/sound track or separate title eng
082 ## - DEWEY DECIMAL CLASSIFICATION NUMBER
Classification number 621.381528
Edition number 23
Author mark and year ABS 1970
100 1# - MAIN ENTRY--PERSONAL NAME
Personal name Abrahams, J. R.
Fuller form of name (John Roger)
9 (RLIN) 160550
245 10 - TITLE STATEMENT
Title Semiconductor circuits :
Remainder of title theory, design, and experiment /
Statement of responsibility, etc. by J. R. Abrahams and G. J. Pridham.
250 ## - EDITION STATEMENT
Edition statement 1st ed.
260 ## - PUBLICATION, DISTRIBUTION, ETC. (IMPRINT)
Place of publication, distribution, etc. Oxford, New York :
Name of publisher, distributor, etc. Pergamon Press,
Date of publication, distribution, etc. c1966 [Reprint 1970]
300 ## - PHYSICAL DESCRIPTION
Pagination viii, 310 p. :
Illustrations ill. ;
Size 20 cm.
490 0# - SERIES STATEMENT
Series statement The Commonwealth and international library. Electrical engineering division
504 ## - BIBLIOGRAPHY, ETC. NOTE
Bibliography, etc Bibliography: p. 299-301.
650 #0 - SUBJECT ADDED ENTRY--TOPICAL TERM
Topical term or geographic name as entry element Transistor circuits.
9 (RLIN) 151235
Topical term or geographic name as entry element Semiconductors
9 (RLIN) 160551
700 1# - ADDED ENTRY--PERSONAL NAME
Personal name Pridham, G. J.
942 ## - ADDED ENTRY ELEMENTS (KOHA)
Source of classification or shelving scheme Dewey Decimal Classification
Koha item type Books
Holdings
Lost status Source of classification or shelving scheme Damaged status Not for loan Collection code Permanent Location Current Location Shelving location Date acquired Source of acquisition Cost, normal purchase price Total Checkouts Full call number Date last seen Copy number Koha item type
  Dewey Decimal Classification     Non-fiction Central Library, University of Rajshahi Central Library, University of Rajshahi   03/10/1970 Zeithinger 0.00   621.381528 ABS 1970 24/10/2016 C-2 Books